Introduction to Research Methodology in Education (Record no. 211280)

MARC details
000 -LEADER
fixed length control field 00619nam a22001937a 4500
005 - DATE AND TIME OF LATEST TRANSACTION
control field 20250514151908.0
010 ## - LCCN (DPL NO)
LC control number ENG-144928
020 ## - INTERNATIONAL STANDARD BOOK NUMBER
Terms of availability 699.00
International Standard Book Number 9789392568787
035 ## - SYSTEM CONTROL NUMBER
System control number EN-128460
037 ## - SOURCE OF ACQUISITION
Source of stock number/acquisition DBAD
082 ## - DEWEY DECIMAL CLASSIFICATION NUMBER
Classification number 001.42
100 ## - MAIN ENTRY--PERSONAL NAME
Personal name Sharma, Divya
245 ## - TITLE STATEMENT
Title Introduction to Research Methodology in Education
Statement of responsibility, etc By Divya Sharma And ROli Tiwari
260 ## - PUBLICATION, DISTRIBUTION, ETC. (IMPRINT)
Place of publication, distribution, etc Chhattisgarh
Name of publisher, distributor, etc Aditi Publication
Date of publication, distribution, etc 2024
270 ## - ADDRESS
Address Opp. New Panchajanya Vidya Mandir, Near Tiranga Chowk, Kushalpur,Raipur
City Chhattisgarh
300 ## - PHYSICAL DESCRIPTION
Extent 338p
Dimensions 21(pb)
760 ## - MAIN SERIES ENTRY
Edition 1
942 ## - ADDED ENTRY ELEMENTS (KOHA)
Source of classification or shelving scheme Dewey Decimal Classification
Item type English Books
Classification part 001.42
Call number suffix SHA
Holdings
Withdrawn status Lost status Not for loan Collection code Home library Current library Date acquired Source of acquisition Cost, normal purchase price Full call number Barcode Copy number Koha item type
      Non-fiction Janak Puri Janak Puri 14/05/2025 DBAD 699.00 001.42 SHA EN-128460 1 English Books

© Delhi Public Library
Hit Counter
free hit counter